Statistics for A Vocabulary Words Quiz #1

Click here to take the quiz!

General Stats

  • This quiz has been taken 53,718 times
    (36,210 since last reset)
  • The average score is 12 of 22

Answer Stats

DefinitionWord% Correct
Book of mapsAtlas
89%
The absence of government or lawsAnarchy
78%
Graduates of a universityAlumni
75%
Able to be heardAudible
71%
DryArid
70%
Transformation of base metals into goldAlchemy
63%
Fear of open spaces or crowdsAgoraphobia
62%
Indifference; lack of enthusiasmApathy
62%
Bottomless pitAbyss
61%
Ye olde pharmacyApothecary
55%
Leader of a monasteryAbbot
53%
Diamond-shaped sock patternArgyle
53%
Person of noble rankAristocrat
50%
GreedAvarice
46%
In music, a quick, lively tempoAllegro
45%
SlaughterhouseAbattoir
43%
Apogee, zenith, acme, summitApex
43%
Wormwood liquorAbsinthe
42%
To wither from disuseAtrophy
42%
Before the Civil WarAntebellum
41%
Sun-dried brick, as a building materialAdobe
40%
First letter in Hebrew alphabetAleph
32%

Score Distribution

Percentile by Number Answered

Percent of People with Each Score

Your Score History

You have not taken this quiz since the last reset